Statistics for Top 4 UEFA Europa League

Click here to take the quiz!

General Stats

  • This quiz has been taken 11,093 times
    (6,968 since last reset)
  • The average score is 46 of 105

Answer Stats

Team% Correct
Manchester United
94%
Chelsea
90%
Sevilla FC
90%
Arsenal
88%
FC Barcelona
86%
Liverpool
86%
Inter Milan
84%
Real Madrid
84%
Atlético Madrid
83%
AC Milan
82%
Juventus
82%
AFC Ajax
81%
AS Roma
81%
Bayern Munich
81%
Borussia Dortmund
81%
Tottenham Hotspur
79%
Eintracht Frankfurt
78%
Olympique Lyonnais
78%
FC Porto
77%
Rangers FC
77%
Villarreal
77%
Paris Saint-Germain
76%
Olympique de Marseille
75%
SL Benfica
74%
PSV Eindhoven
71%
Valencia CF
71%
Celtic FC
70%
SSC Napoli
66%
Sporting CP
65%
SS Lazio
65%
West Ham United
65%
Feyenoord
63%
RB Leipzig
62%
Bayer Leverkusen
57%
Hamburger SV
56%
AS Monaco
55%
Galatasaray
55%
Schalke 04
55%
Zenit Saint Petersburg
55%
Athletic Bilbao
53%
CSKA Moscow
51%
Fiorentina
51%
Lokomotive Leipzig
50%
Newcastle United
48%
Red Star Belgrade
47%
Club Brugge
46%
Leeds United
46%
Shakhtar Donetsk
46%
Nottingham Forest
45%
RSC Anderlecht
45%
Werder Bremen
45%
SC Braga
44%
Fulham
42%
Borussia Mönchengladbach
41%
Girondins de Bordeaux
41%
Red Bull Salzburg
40%
Parma
38%
Spartak Moscow
38%
Basel
37%
Dynamo Kyiv
36%
Fenerbahçe
36%
VfB Stuttgart
36%
Steaua Bucuresti
35%
AZ Alkmaar
34%
FC Köln
34%
Torino
32%
AEK Athens
31%
Hertha BSC
30%
Wolverhampton Wanderers
28%
Dnipro Dnipropetrovsk
27%
RCD Espanyol
27%
IFK Göteborg
26%
Celta Vigo
24%
Slavia Prague
24%
Genoa CFC
23%
FC Twente
22%
Middlesbrough
21%
Ipswich Town
20%
Bologna
19%
RC Lens
19%
Deportivo Alavés
17%
Dundee United
17%
Ferencvarosi TC
16%
FC Kaiserslautern
14%
Hajduk Split
14%
AJ Auxerre
13%
Grasshopper Club Zürich
13%
Boavista
12%
Dynamo Dresden
12%
Cagliari Calcio
10%
CA Osasuna
10%
Brondby IF
9%
SC Bastia
6%
Videoton
6%
Karlsruher SC
5%
FC Sochaux-Montbéliard
4%
CD Tenerife
3%
MSV Duisburg
3%
Zeljeznicar Sarajevo
3%
Bohemians 1905
2%
CS Universitatea Craiova
2%
Radnicki Nis
2%
KSV Waregem
1%
RWD Molenbeek
1%
Swarovski Tirol
1%

Score Distribution

Percentile by Number Answered

Percent of People with Each Score

Your Score History

You have not taken this quiz since the last reset